| 000 | 00909nam a2200229Ia 4500 | ||
|---|---|---|---|
| 001 | 8440 | ||
| 003 | GE_BSU | ||
| 008 | 181216s||||||||xx |||||||||||||| ||und|| | ||
| 040 | _cGE_BSU | ||
| 100 | _aვაჟა-ფშაველა | ||
| 245 | _aგველის მჭამელი; სტუმარ–მასპინძელი; ალუდა ქეთელაური | ||
| 245 | _bპოემები | ||
| 245 | _cრედ: ჯ. ჭანტურია; მხატვ.: თ. ყუბანეიშვილი. | ||
| 260 | _aთბილისი. | ||
| 260 | _bნაკადული. | ||
| 260 | _c1961 | ||
| 300 | _a96 გვ; ილ; 21 სმ. | ||
| 653 | _aგველის მჭამელი | ||
| 653 | _aპოემები | ||
| 653 | _aსტუმარ–მასპინძელი; ალუდა ქეთელაური: . | ||
| 942 | _cBK | ||
| 999 |
_c41759 _d41759 |
||